| 000 | 00665nam a22001937a 4500 | ||
|---|---|---|---|
| 082 |
_aM08 _bMOY/M.2 |
||
| 100 | _aMoyinkutty Vaidyar | ||
| 100 | _aMuhammed Abdul Kareem K K | ||
| 100 | _aAboobacker K | ||
| 245 |
_aMahakavi Moyinkutty vaidyarude sampoorna krithikal (v.2)/ _cby Moyinkutty Vaidyar |
||
| 250 | _a2nd. | ||
| 260 |
_aMalappuram: _bMahakavi Moyinkutty Vaidyar Mappila Kala Academy, Department of Cultural Affairs, Govt. of Kerala, _c2015. |
||
| 300 | _a787p.-1523p. | ||
| 650 | _aCollection Literature Malayalam | ||
| 650 | _aCollection Literature Moyinkutty Vaidyar | ||
| 650 | _aLiterature Malayalam | ||
| 650 | _aLiterature | ||
| 942 | _cBK | ||
| 999 |
_c181737 _d181737 |
||